| 000 | 00631nam a22002177a 4500 | ||
|---|---|---|---|
| 999 |
_c6039 _d6039 |
||
| 001 | 1986 | ||
| 003 | BD-DhUAP | ||
| 005 | 20201223160718.0 | ||
| 008 | 201223s1996 nyua b 000 0 eng | ||
| 020 | _a0805324305 | ||
| 040 |
_aDLC _cDLC _dBD-DhUAP _beng |
||
| 082 | 0 | 0 |
_a658.4038 LAU _223 |
| 100 | _aAlter, Steven. | ||
| 245 |
_aInformation systems : _ba management perspective / _cSteven Alter. |
||
| 250 | _a2nd ed. | ||
| 260 |
_aMenlo Park, California : _bBenjamin, _cc1996. |
||
| 300 |
_axxi, 728 pages : _billustrations ; _c26 cm. |
||
| 500 | _aIncludes index. | ||
| 650 | _aManagement information systems. | ||
| 942 |
_2ddc _cBK |
||